Le nom complet des pays - Statistiques

Statistiques générales
  • Ce quiz a été pris 83 fois
  • Le résultat moyen est 4 sur 18
Statistiques - réponses
pays Réponse % Correct
France République Française
95%
Etats-Unis États-Unis d'Amérique
76%
Chine République populaire de Chine
53%
Corée du Sud République de Corée
35%
Maroc Royaume du Maroc
35%
Russie Fédération de Russie
31%
Royaume-Uni Royaume-Uni de Grande-Bretagne et d'Irlande du Nord
14%
Suisse Confédération suisse
10%
Pakistan République islamique du Pakistan
9%
Australie Commonwealth d'Australie
8%
Corée du Nord République populaire démocratique de Corée
8%
Mexique États-Unis mexicains
6%
Viêt Nam République socialiste du Viêt Nam
6%
Argentine République argentine
5%
Cambodge Royaume du Cambodge
5%
Afghanistan Émirat islamique d'Afghanistan
1%
Bolivie État plurinational de Bolivie
1%
Algérie République algérienne démocratique et populaire
1%
Aucun quiz correspondant
Distribution des résultats
% des personnes avec chaque résultat
Percentile par nombre de réponses
Votre historique - résultats
Vous n’avez pas pris ce quiz